Online Catalogue and eLibrary

Negotiating peace in Sri Lanka : (Record no. 376)

MARC details
000 -LEADER
fixed length control field 00443nam a22001577a 4500
005 - DATE AND TIME OF LATEST TRANSACTION
control field 20240213020323.0
008 - FIXED-LENGTH DATA ELEMENTS--GENERAL INFORMATION
fixed length control field 240213b |||||||| |||| 00| 0 eng d
020 ## - INTERNATIONAL STANDARD BOOK NUMBER
ISBN 9558085006.
082 ## - DDC Classification
DDC Edition Number 22
Class No. 305.8.
Item Number - Author Mark NEG.
245 ## - TITLE STATEMENT
Title Negotiating peace in Sri Lanka :
Remainder of title Efforts, Failures and Lessons .
260 ## - PUBLICATION, DISTRIBUTION, ETC.
Place of publication, distribution, etc. Colombo :
Name of publisher, distributor, etc. International Alert of London ,
Date of publication, distribution, etc. 1998.
300 ## - PHYSICAL DESCRIPTION
Extent (e.g. Volumes, Pages etc.) x, 420 p.,
650 ## - SUBJECT ADDED ENTRY--TOPICAL TERM
Topical term or geographic name entry element Peace
700 ## - ADDED ENTRY--PERSONAL NAME
Personal name Rupesinghe, Kumar
942 ## - Koha item type (Biblio)
Koha item type Books in Stacks (Lending)
Holdings
Lost status Damaged status Collection code Home library Current library Date acquired Full call number Accession Number Item type
    Lending WERC Library WERC Library 02/13/2024 305.8. NEG. 2526 Books in Stacks (Lending)

© WERC Library